000
00306 a2200133 4500
005
20250709081909.0
020
_a
978-1-784-16164-4
082
_a
006.7 WAT
100
_a
WATSON SJ
245
_a
Second Life
260
_a
London
_b
Penguin Random House
_c
2016
300
_a
460p.;ill
_c
20 cm.
942
_2
ddc
_c
BKS
999
_c
6635
_d
6635